00260nam a2200109Ia 4500100001700000650002700017654001600044245003600060260003400096300000800130546001200138 aKazim/ Amir  aElectrical Engineering aElectrician aElectrician theory solved paper bKazim prakashanaKanpurc1977 a196 aENGLISH